| 000 | 00756nam a2200253 a 4500 | ||
|---|---|---|---|
| 999 |
_c5608 _d5608 |
||
| 001 | 5608 | ||
| 003 | BD-JhCC | ||
| 005 | 20171221090919.0 | ||
| 008 | 171218s1980 a a|||| ||a| 000 0 eng d | ||
| 020 | _a0891588728 | ||
| 020 | _a0891587934 | ||
| 035 | _a(BD-JhCC) 5608 | ||
| 040 |
_aBD-JhCC _dBD-JhCC |
||
| 041 | _aeng | ||
| 082 |
_a631.521 _bSUC 1980 |
||
| 245 |
_aSuccessful Seed Programs : A Planning and Management Guide / _cedited by Johnson E. Douglas, |
||
| 260 |
_aAmerica : _bWestview Press / Boulder, Colorado , _c1980 |
||
| 300 |
_a302 p .: _c22 cm . |
||
| 490 | _aIADS development-oriented literature series | ||
| 650 | _aSeed Projects, Seed Industry and trade | ||
| 700 | _aDouglas, Johnson E. | ||
| 942 |
_2ddc _cBK |
||